00481nam a22001572 4500001001100000005001700011008004100028020002700069040001500096100003200111245008800143260003900231300002500270650002500295852000300320000000847420151217152034.0080415s xx 000 0 eng d a0875520006 :cKES 1200 aKABUcKABU1 aLetham, Robert.@000015907014aThe Holy trinity :bin scriptures, histoty, theology, and worship /cRobert Letham. aPhillpisburg, NJ. :bP & R,c2004. axv, 551 p. ;c cm. 0aTrinity.@00001493841